Revista de estudios de la administración local y autonómica (Registro nro. 8885)

Detalles MARC
000 -LEADER
fixed length control field 00977nas a2200241 454500
001 - CONTROL NUMBER
control field 41551
005 - DATE AND TIME OF LATEST TRANSACTION
control field 20260407193511.0
008 - FIXED-LENGTH DATA ELEMENTS--GENERAL INFORMATION
fixed length control field 260407s1985####ag###########|||spa#d
003 - CONTROL NUMBER IDENTIFIER
control field AR-UNSa-BCEJYS
040 ## - CATALOGING SOURCE
Original cataloging agency AR-UNSa-BCEJYS
Language of cataloging spa
Transcribing agency AR-UNSa-BCEJYS
080 ## - UNIVERSAL DECIMAL CLASSIFICATION NUMBER
Universal Decimal Classification number 35
Common auxiliary subdivision Administración Pública
022 ## - INTERNATIONAL STANDARD SERIAL NUMBER
International Standard Serial Number 0213-4675
041 ## - LANGUAGE CODE
Language code of text/sound track or separate title spa
100 1# - MAIN ENTRY--PERSONAL NAME
Personal name Sosa Wagner, Francisco
245 10 - TITLE STATEMENT
Title Revista de estudios de la administración local y autonómica
264 #1 - PRODUCTION, PUBLICATION, DISTRIBUTION, MANUFACTURE, AND COPYRIGHT NOTICE
Place of production, publication, distribution, manufacture Madrid :
Name of producer, publisher, distributor, manufacturer Instituto Nacional de Administración Pública (INAP)
Date of production, publication, distribution, manufacture, or copyright notice 1985
310 ## - CURRENT PUBLICATION FREQUENCY
Current publication frequency Frecuencia: Cuatrimestral<br/>De 1985-2000: Revista de Estudios de la Administración Local y Autonómica (ISSN: 0213-4675). De 2001-2004: Revista de la Administración Local (ISSN: 1578-4568)
590 ## - LOCAL NOTE (RLIN)
Local note niveau_biblio:s niveau_hierar:1
650 ## - SUBJECT ADDED ENTRY--TOPICAL TERM
Topical term or geographic name entry element ADMINISTRACION PUBLICA
650 ## - SUBJECT ADDED ENTRY--TOPICAL TERM
Topical term or geographic name entry element Ciencia política
856 41 - ELECTRONIC LOCATION AND ACCESS
Uniform Resource Identifier <a href="https://biblioeco.unsa.edu.ar/pmb/images/revistas/R20719.jpg">https://biblioeco.unsa.edu.ar/pmb/images/revistas/R20719.jpg</a>
Link text Imagen de portada
Electronic format type image/jpeg
942 ## - ADDED ENTRY ELEMENTS (KOHA)
Koha item type
Existencias
Withdrawn status Lost status Damaged status Not for loan Home library Current library Shelving location Date acquired Serial enumeration / chronology Total checkouts Full call number Barcode Date last seen Price effective from Koha item type
        Biblioteca Prof. Eusebio Cleto del Rey Biblioteca Prof. Eusebio Cleto del Rey   01/01/1988 Nº 237 - ene./mar. 1988   H35 REA 237 R20719 10/04/2026 10/04/2026 Numero